| 000 | 00681nam a2200145Ia 4500 | ||
|---|---|---|---|
| 008 | 170221s9999 xx 000 0 und d | ||
| 100 | _aMohd Zainudin Othman | ||
| 245 | 2 | _aA Strategy towards Team Integration Practice for Improving the Design and Construction Process in the Malaysian Industrialized Building System Projects | |
| 245 | _cMohd Zainudin Othman, Mohd Nasrun Mohd Nawi, Faizatul Akmar Abdul Nifa, Mazri Yaakob, Khadafi Rofie, Zainal Md Zan, Mohd Affendi Ahmad Pozin | ||
| 260 | _bInternational Review of Management and Marketing | ||
| 260 | _c2013 | ||
| 300 | _a4 : 3 | ||
| 650 | _xMarketing. | ||
| 856 | _uhttp://www.econjournals.com/index.php/irmm/issue/view/97 | ||
| 999 |
_c313785 _d313785 |
||